Every Manchester United Goal Scorer in the 1993/94 Premier League - Statistics

General Stats
  • This quiz has been taken 14 times
  • The average score is 67 of 80
Answer Stats
Game Scorer % Correct
Southampton (A) Cantona
100%
West Ham United (H) Cantona
100%
Arsenal (H) Cantona
100%
Swindon Town (H) Cantona
100%
Queens Park Rangers (H) Cantona
100%
Manchester City (A) Cantona
100%
Manchester City (A) Cantona
100%
Coventry City (A) Cantona
100%
Sheffield United (A) Cantona
100%
Aston Villa (H) Cantona
100%
Aston Villa (H) Cantona
100%
Oldham Athletic (A) Cantona
100%
Queens Park Rangers (A) Cantona
100%
Sheffield Wednesday (H) Cantona
100%
Sheffield Wednesday (H) Cantona
100%
Manchester City (H) Cantona
100%
Manchester City (H) Cantona
100%
Ipswich (A) Cantona
100%
Norwich City (A) Giggs
100%
Newcastle United (H) Giggs
100%
Sheffield Wednesday (A) Giggs
100%
Norwich City (H) Giggs
100%
Oldham Athletic (A) Giggs
100%
Oldham Athletic (A) Giggs
100%
Liverpool (A) Giggs
100%
Everton (H) Giggs
100%
Queens Park Rangers (A) Giggs
100%
Sheffield Wednesday (H) Giggs
100%
Oldham Athletic (H) Giggs
100%
Leeds (A) Giggs
100%
Ipswich (A) Giggs
100%
Sheffield United (H) Keane
91%
Sheffield United (H) Keane
91%
Tottenham Hotspur (H) Keane
91%
Manchester City (A) Keane
91%
Swindon Town (A) Keane
91%
Southampton (A) Irwin
82%
Liverpool (A) Irwin
82%
West Ham United (H) Bruce
73%
Oldham Athletic (A) Bruce
73%
Liverpool (A) Bruce
73%
Sheffield United (H) Hughes
73%
Swindon Town (H) Hughes
73%
Swindon Town (H) Hughes
73%
Sheffield Wednesday (A) Hughes
73%
Sheffield Wednesday (A) Hughes
73%
Queens Park Rangers (H) Hughes
73%
Wimbledon (H) Hughes
73%
Sheffield United (A) Hughes
73%
Tottenham Hotspur (A) Hughes
73%
West Ham United (A) Hughes
73%
Sheffield Wednesday (H) Hughes
73%
Southampton (H) Hughes
73%
Newcastle United (A) Ince
73%
Aston Villa (H) Ince
73%
Blackburn Rovers (H) Ince
73%
West Ham United (A) Ince
73%
Sheffield Wednesday (H) Ince
73%
Swindon Town (A) Ince
73%
Liverpool (H) Ince
73%
Oldham Athletic (H) Ince
73%
Swindon Town (H) Kanchelskis
73%
Wimbledon (H) Kanchelskis
73%
Oldham Athletic (A) Kanchelskis
73%
Queens Park Rangers (A) Kanchelskis
73%
Leeds (A) Kanchelskis
73%
Southampton (H) Kanchelskis
73%
Wimbledon (H) Pallister
73%
Aston Villa (A) Sharpe
73%
Aston Villa (A) Sharpe
73%
Southampton (A) Sharpe
73%
West Ham United (H) Sharpe
73%
Tottenham Hotspur (H) Sharpe
73%
Everton (A) Sharpe
73%
Sheffield United (A) Sharpe
73%
Arsenal (A) Sharpe
73%
Arsenal (A) Sharpe
73%
Oldham Athletic (H) Dublin
64%
Norwich City (H) McClair
64%
Norwich City (A) Robson
55%
No matching quizzes found
Score Distribution
Percent of People with Each Score
Percentile by Number Answered
Your Score History
You have not taken this quiz